| 000 | 00347nam a2200121Ia 4500 | ||
|---|---|---|---|
| 008 | 210430s9999 xx 000 0 und d | ||
| 082 | _a301 T125 S | ||
| 100 | _aProf Abdul Hameed Taga | ||
| 245 |
_aSociology and social problems _cProf Abdul Hameed Taga |
||
| 260 |
_aLahore _bAbdul Hameed Taga & Sons _c2008 |
||
| 300 | _a413p. | ||
| 942 |
_cBK _2ddc |
||
| 999 |
_c563403 _d563403 |
||